Germany in an interconnected world economy
Guardado en:
| Otros Autores: | |
|---|---|
| Formato: | Libro |
| Lenguaje: | inglés |
| Publicado: |
Washington, D.C.
International Monetary Fund
2013
|
| Materias: | |
| Etiquetas: |
Sin Etiquetas, Sea el primero en etiquetar este registro!
|
MARC
| LEADER | 00000nam a2200000 4500 | ||
|---|---|---|---|
| 001 | 0204005 | ||
| 005 | 20240311131221.1 | ||
| 020 | |a 978-1-61635-424-4 | ||
| 041 | 0 | |a eng | |
| 044 | |a US | ||
| 245 | 1 | 0 | |a Germany in an interconnected world economy |c editor Ashoka Mody |
| 264 | 1 | |a Washington, D.C. |b International Monetary Fund |c 2013 | |
| 300 | |a ix, 270 s. | ||
| 610 | 2 | 0 | |a politika hospodárska |
| 610 | 2 | 0 | |a politika hospodárska medzinárodná |
| 610 | 2 | 0 | |a podmienky hospodárske |
| 610 | 2 | 0 | |a rozvoj hospodársky |
| 610 | 2 | 0 | |a vzťahy hospodárske medzinárodné |
| 610 | 2 | 0 | |a vzťahy zahraničné |
| 610 | 2 | 0 | |a kríza finančná |
| 610 | 2 | 0 | |a kríza hospodárska |
| 610 | 2 | 0 | |a trh práce |
| 610 | 2 | 0 | |a Nemecko |
| 700 | 1 | |a Mody, Ashoka | |